UBT Library

PHYSICAL GEOLOGY (Record no. 55995)

000 -LEADER
fixed length control field 00321nam a22001337a 4500
008 - FIXED-LENGTH DATA ELEMENTS--GENERAL INFORMATION
fixed length control field 210308b ||||| |||| 00| 0 eng d
020 ## - INTERNATIONAL STANDARD BOOK NUMBER
International Standard Book Number 0136697399
041 ## - LANGUAGE CODE
Language code of text/sound track or separate title eng
080 ## - UNIVERSAL DECIMAL CLASSIFICATION NUMBER
Edition identifier 5
Universal Decimal Classification number 91
100 ## - Rafti
Rafti 91
101 ## - Shkurtesa
Shkurtesa GJEO
245 ## - TITLE STATEMENT
Title PHYSICAL GEOLOGY
Statement of responsibility, etc L.DON LEET SHELDON JUDSON, MARVIN E. KAUFFMAN
942 ## - ADDED ENTRY ELEMENTS (KOHA)
Source of classification or shelving scheme
Item type Books
Holdings
Withdrawn status Lost status Source of classification or shelving scheme Damaged status Not for loan Collection code Permanent location Current location Shelving location Date acquired Total Checkouts Full call number Barcode Date last seen Copy number Price effective from Koha item type
          Koleksioni i përgjithshem UBT - Lipjan UBT - Lipjan Koleksioni i përgjithshem 03/08/2021   91 LDO 002-7001041 03/08/2021 91 LDO 03/08/2021 Books
UBT Library © 2015-2024. All rights reserved University Education for Business and Technology